Krzystof Kieslowski : Tres colores : rojo : Trois couleurs : rouge /

Estudio crítico de Tres colores: rojo (1994) última película dirigida por el cineasta polaco Krysztof Kieslowski (1941-1996). El autor explora las potencialidades expresivas del lenguaje cinematográfico que Kieslowski practica en general en toda su obra cinematográfica y en este filme en particular.

Kaydedildi:
Detaylı Bibliyografya
Yazar: Montalt i Torrent, Salvador (autor)
Materyal Türü: Kitap
Dil:İspanyolca
Baskı/Yayın Bilgisi: Barcelona, España : Paidós, 2003, c2003
Seri Bilgileri:(Paidós Películas ; 23)
Konular:
Etiketler: Etiketle
Etiket eklenmemiş, İlk siz ekleyin!

MARC

LEADER 00000nam^a2200000^a^4500
001 000156431
005 20250521000000.0
009 20260310100504.496
020 |a 84-493-1428-3 
037 |a Acervo ITESO - Biblioteca 
041 |a ESP 
082 |a 302. 23509  |b PAI V. 23 
100 |a Montalt i Torrent, Salvador  |e (autor) 
245 1 0 |a Krzystof Kieslowski :  |b Tres colores : rojo : Trois couleurs : rouge /  |c S. Montalt i Torrent. 
264 4 |a Barcelona, España :  |b Paidós,  |c 2003, c2003 
300 |a 137 p. 
336 |a texto  |b txt  |2 rdacontenido 
337 |a sin mediación  |b n  |2 rdamedio 
338 |a volumen  |b nc  |2 rdasoporte 
440 1 |a (Paidós Películas ;  |v 23) 
520 |a Estudio crítico de Tres colores: rojo (1994) última película dirigida por el cineasta polaco Krysztof Kieslowski (1941-1996). El autor explora las potencialidades expresivas del lenguaje cinematográfico que Kieslowski practica en general en toda su obra cinematográfica y en este filme en particular. 
649 |a XX 
650 |a Cineastas Polacos 
650 |a Dramas Cinematográficos -  |z Polonia -  |x Historia y Crítica 
650 |a Cine Polaco -  |y 1990-1999 
650 |a Cine Polaco -  |y Siglo XX 
650 |a Cine Polaco -  |x Historia y Crítica -  |x Tema Principal 
650 |a Lenguaje Cinematográfico 
650 |a Comunicación Visual 
650 |a Medios Audiovisuales 
650 |a Medios de Comunicación 
650 |a Comunicación Masiva 
650 |a Voyeurismo 
650 |a Vida Privada 
650 |a Psicología 
650 |a Fraternidad 
650 |a Solidaridad 
650 |a Kieslowski, Krzysztof -  |x Tema Principal 
910 |a Fondo General 
920 |a Impresos - Libros 
930 |a Colección General 
905 |a 101 
901 |a 0500084659  |b IT1  |c ACC  |u 20250521 
902 |a https://opac.biblio.iteso.mx/vufind/Record/000156431